[Event "Petroupoli ASOP Dias Seniors op"]
[Site "Petroupoli"]
[Date "2013.01.26"]
[Round "2.6"]
[White "Savidis, Dimitrios"]
[Black "Abelakiotis, Stavros"]
[Result "1-0"]
[WhiteElo "1738"]
[BlackElo "1378"]
[PlyCount "73"]
[EventDate "2013.01.19"]
[EventType "swiss"]
[EventRounds "7"]
[EventCountry "GRE"]
[SourceTitle "EXT 2024"]
[Source "ChessBase"]
[SourceDate "2023.10.10"]
[SourceVersion "1"]
[SourceVersionDate "2023.10.10"]
[SourceQuality "1"]

1. d4 d5 2. c4 e6 3. Nf3 Nf6 4. Nc3 Bb4 5. Bd2 0-0 6. e3 b6 7. cxd5 Bxc3 8. Bxc3 Qxd5 9. Be2 Bb7 10. Qc2 Nc6 11. b3 b5 12. Rc1 a6 13. Bd2 Rac8 14. Qc5 Rfd8 15. 0-0 Ne4 16. Qxd5 Rxd5 17. Rfd1 Ne7 18. Bd3 Rh5 19. Ne5 Rg5 20. Bxe4 Bxe4 21. f3 Bb7 22. e4 Rh5 23. Ba5 c6 24. Nd7 f6 25. Nc5 Rb8 26. Bc7 Rc8 27. Bd6 Rxc5 28. dxc5 Ng6 29. Bg3 e5 30. Rd7 Ba8 31. Rcd1 Nf8 32. Rd8 Bb7 33. f4 Rxd8 34. Rxd8 exf4 35. Bxf4 Kf7 36. Rb8 Ne6 37. Be3 1-0

[Event "Petroupoli op 10th"]
[Site "Petroupoli"]
[Date "2012.10.10"]
[Round "2"]
[White "Savidis, Dimitrios"]
[Black "Koerant, Filipos"]
[Result "1-0"]
[WhiteElo "1719"]
[BlackElo "1988"]
[PlyCount "69"]
[EventDate "2012.10.06"]
[EventType "swiss"]
[EventRounds "7"]
[EventCountry "GRE"]
[SourceTitle "EXT 2013"]
[Source "ChessBase"]
[SourceDate "2012.11.22"]
[SourceVersion "1"]
[SourceVersionDate "2012.11.22"]
[SourceQuality "1"]

1. d4 Nf6 2. c4 e6 3. Nf3 b6 4. e3 Bb7 5. Bd3 g6 6. 0-0 Bg7 7. Nc3 c5 8. b3 0-0 9. Bb2 cxd4 10. Nxd4 d5 11. cxd5 Nxd5 12. Nxd5 Qxd5 13. f3 Rd8 14. Qe2 Nc6 15. Be4 Nxd4 16. Bxd4 Qd7 17. Bxb7 Qxb7 18. Bxg7 Kxg7 19. Rfd1 Rd5 20. Rxd5 Qxd5 21. Rd1 Qc5 22. Rd7 Rc8 23. Kf2 Qe5 24. f4 Qf5 25. g4 Qe4 26. Rd4 Qh1 27. Kg3 Rc1 28. Rd3 Rg1+ 29. Kh3 e5 30. fxe5 Qe4 31. Rd7 h5 32. Rxf7+ Kh6 33. Rf4 hxg4+ 34. Rxg4 Qf5 35. e4 1-0

[Event "Petroupoli op 4th"]
[Site "Petroupoli"]
[Date "2012.05.02"]
[Round "2"]
[White "Savidis, Dimitrios"]
[Black "Kolyvas, Aris"]
[Result "1-0"]
[WhiteElo "1540"]
[BlackElo "1404"]
[PlyCount "97"]
[EventDate "2012.04.28"]
[EventType "swiss"]
[EventRounds "7"]
[EventCountry "GRE"]
[SourceTitle "CBM 148 Extra"]
[Source "ChessBase"]
[SourceDate "2012.06.22"]
[SourceVersion "1"]
[SourceVersionDate "2012.06.22"]
[SourceQuality "1"]

1. e4 c5 2. Nf3 d6 3. d4 cxd4 4. Nxd4 Nf6 5. Nc3 g6 6. Be2 Bg7 7. Be3 0-0 8. Qd2 Nc6 9. Nxc6 bxc6 10. Bh6 Bd7 11. Bxg7 Kxg7 12. h4 Rb8 13. b3 Qb6 14. h5 Rh8 15. h6+ Kg8 16. f3 Qc5 17. g4 Qe5 18. f4 Qc5 19. g5 Ng4 20. Bxg4 Bxg4 21. Na4 Qb4 22. c4 Bf3 23. Rh2 Qxd2+ 24. Kxd2 Bxe4 25. Re1 d5 26. Nc3 e6 27. Nxe4 dxe4 28. Rxe4 Rd8+ 29. Ke3 Kf8 30. Rd4 Ke7 31. Rhd2 Rxd4 32. Rxd4 Rd8 33. Rxd8 Kxd8 34. Kd4 Kc7 35. Ke5 Kd7 36. b4 Ke7 37. a4 a6 38. b5 cxb5 39. cxb5 axb5 40. axb5 Kd7 41. Kf6 Kd6 42. Kxf7 Kc5 43. Kxe6 Kxb5 44. Kf7 Kc6 45. Kg7 Kd6 46. Kxh7 Ke7 47. Kxg6 Kf8 48. h7 Ke7 49. h8Q 1-0